| 000 | 00724cam a22002052 4500 | ||
|---|---|---|---|
| 999 |
_c16482 _d16482 |
||
| 001 | 0000025015 | ||
| 003 | OSt | ||
| 005 | 20170918123536.0 | ||
| 008 | 140416s xx 000 0 eng d | ||
| 040 |
_aKABU _cKABU |
||
| 050 |
_aThe HF5415.55 _b.L63 2015 |
||
| 100 | 1 | _aLochomoi, Wilson | |
| 245 | 1 | 3 |
_aEffect of relationship marketing on customer satisfaction among printing firms in Nakuru county, Kenya / _cWilson Lochomoi |
| 260 |
_aNakuru : _bKabarak University, _c2015. |
||
| 300 | _axi, 77 leaves. | ||
| 502 | _aThesis (MBA) - Kabarak University, 2015. | ||
| 650 | 0 | _aRelationship marketing | |
| 650 | 0 | _aCustomer satisfaction | |
| 942 |
_2lcc _cTHE _hThe HF5415.55 _i.L63 2015 _kThe |
||